MARC details
| 000 -CABECERA |
| campo de control de longitud fija |
04068nam a2200409 a 4500 |
| 001 - NÚMERO DE CONTROL |
| campo de control |
dia_3405 |
| 003 - IDENTIFICADOR DEL NÚMERO DE CONTROL |
| campo de control |
CHAP |
| 005 - FECHA Y HORA DE LA ÚLTIMA TRANSACCIÓN |
| campo de control |
20250617121303.0 |
| 007 - CAMPO FIJO DE DESCRIPCIÓN FÍSICA--INFORMACIÓN GENERAL |
| campo de control de longitud fija |
ta |
| 008 - DATOS DE LONGITUD FIJA--INFORMACIÓN GENERAL |
| campo de control de longitud fija |
220117s2005 mx ado fr 001 0 eng d |
| 010 ## - NÚMERO DE CONTROL DE LA BIBLIOTECA DEL CONGRESO |
| Número de control de LC |
173869 |
| 020 ## - NÚMERO INTERNACIONAL ESTÁNDAR DEL LIBRO |
| Número Internacional Estándar del Libro |
0-7167-4339-6 |
| 020 ## - NÚMERO INTERNACIONAL ESTÁNDAR DEL LIBRO |
| Número Internacional Estándar del Libro |
978-0-7167-4339-2 |
| 040 ## - FUENTE DE LA CATALOGACIÓN |
| Centro/agencia transcriptor |
CHAP |
| Centro catalogador/agencia de origen |
mxchpua |
| Normas de descripción |
rda |
| 041 ## - CÓDIGO DE LENGUA |
| Código de lengua del texto/banda sonora o título independiente |
eng |
| Código de lengua del sumario o resumen |
eng |
| Código de lengua de la tabla de contenido |
eng |
| Código de lengua original |
eng |
| 050 1# - SIGNATURA TOPOGRÁFICA DE LA BIBLIOTECA DEL CONGRESO |
| Número de clasificación |
QH345 |
| Número de documento/Ítem |
.N45 2005 |
| 082 ## - NÚMERO DE LA CLASIFICACIÓN DECIMAL DEWEY |
| Número de edición |
20 |
| Número de clasificación |
574.192 |
| Número de documento/Ítem |
N45 2005 |
| 100 1# - ENTRADA PRINCIPAL--NOMBRE DE PERSONA |
| Nombre de persona |
Nelson, David L. |
| 9 (RLIN) |
80773 |
| 245 10 - MENCIÓN DE TÍTULO |
| Título |
Lehninger Principles of biochemistry / |
| Mención de responsabilidad, etc. |
David L. Nelson y Michael M. Cox |
| 250 ## - MENCIÓN DE EDICIÓN |
| Mención de edición |
4a edición |
| 264 ## - PRODUCCIÓN, PUBLICACIÓN, DISTRIBUCIÓN, FABRICACIÓN Y COPYRIGHT |
| Producción, publicación, distribución, fabricación y copyright |
New York, USA : |
| Nombre del de productor, editor, distribuidor, fabricante |
W. H. Freeman and Company, |
| Fecha de producción, publicación, distribución, fabricación o copyright |
2005 |
| 300 ## - DESCRIPCIÓN FÍSICA |
| Extensión |
xxv, 1119 páginas : |
| Otras características físicas |
ilustraciones, gráficas, diagramas, tablas, fotos |
| 336 ## - TIPO DE CONTENIDO |
| Fuente |
rdacontent |
| Término de tipo de contenido |
texto |
| Código de tipo de contenido |
txt |
| 337 ## - TIPO DE MEDIO |
| Fuente |
rdamedia |
| Nombre/término del tipo de medio |
no mediado |
| Código del tipo de medio |
n |
| 338 ## - TIPO DE SOPORTE |
| Fuente |
rdacarrier |
| Nombre/término del tipo de soporte |
volumen |
| Código del tipo de soporte |
nc |
| 504 ## - NOTA DE BIBLIOGRAFÍA, ETC. |
| Nota de bibliografía, etc. |
Incluye bibliografías |
| 505 0# - NOTA DE CONTENIDO CON FORMATO |
| Nota de contenido con formato |
Preface --<br/>1. The foundations of biochemistry --<br/>I. Structure and catalysis --<br/>2. Water --<br/>3. Amino acids, peptides and proteins --<br/>4. The three-dimensional structures and proteins --<br/>5. Protein function --<br/>6. Enzymes --<br/>7. Carbohydrates and Glycobiology --<br/>8. Nucleotides and nucleic acids --<br/>9. DNA-based information tecnologies --<br/>10. Lipids --<br/>11. Biological membranes and transport --<br/>12. Biosignaling --<br/>II. Bioenergetics and metabolism --<br/>13. Principles of bioenergetics --<br/>14. Glycolysis, gluconeogenesis and the pentose phosphate pathway --<br/>15. Principles of metabolic regulation: glucose and glycogen --<br/>16. The citric acid cycle --<br/>17. Fatty acid catabolism --<br/>18. Amino acid oxidation and the production of urea --<br/>19. Oxidative Phosphorylation and photophosphorylation --<br/>20. Carbohydrate biosynthesis in plants and bacteria --<br/>21. Lipid biosynthesis --<br/>22. Biosynthesis of amino acids, nucleotides and related molecules --<br/>23. Hormonal regulation and integration of mammalian metabolism --<br/>III. Information pathways --<br/>24. Genes and chromosmes --<br/>25. DNA metabolism --<br/>26. RNA metabolism --<br/>27. Protein metabolism --<br/>28. Regulation og gene expressión --<br/>Appendixes --<br/>Glossary --<br/>Credits --<br/>Index |
| 520 2# - SUMARIO, ETC. |
| Sumario, etc. |
The fourth edition of Lehninger Principles of Biochemistry stays true to the vision of its predecessors while embracing the advances made in biochemical research since the previous edition. As always, the book presents the fundamentals of biochemistry through selected topics, and emphasizes the most important recent developments and applications without abandoning the classical core of the subject. The new edition has been carefully streamlined to reduce the length of the book without compromizing content. As with previous editions, it emphasizes clear prose and student friendly explanations to optimize student comprehension. It also contains a groundbreaking new treatment of metabolic regulation, up to date coverage of DNA based information technologies, many new applications and problems, and a new graphical style for enzyme reaction mechanisms, including step by step annotations that clarify the concepts and chemical logic of enzymatic reactions. Lecturer supplements include: Instructor's Resource CD ROM with Test Bank, Printed Test Bank and a set of 150 Overhead Transparencies. For students a Study Guide and Solutions Manual is available which includes discussion questions, a self test and a Cellular Metabolic Map, as well as a Lecture Notebook containing the essential diagrams and reaction equations in the text. The textbook's dedicated website http://www whfreeman.com/lehninger offers numerous features including PowerPoint images, animated mechanisms and living graphs. |
| 650 13 - PUNTO DE ACCESO ADICIONAL DE MATERIA--TÉRMINO DE MATERIA |
| Término de materia o nombre geográfico como elemento de entrada |
Bioquímica |
| 9 (RLIN) |
139215 |
| Fuente del encabezamiento o término |
atg |
| 650 13 - PUNTO DE ACCESO ADICIONAL DE MATERIA--TÉRMINO DE MATERIA |
| Término de materia o nombre geográfico como elemento de entrada |
Biochemistry |
| 9 (RLIN) |
150448 |
| Fuente del encabezamiento o término |
atg |
| 700 1# - PUNTO DE ACCESO ADICIONAL--NOMBRE DE PERSONA |
| Nombre de persona |
Cox, Michael M. |
| 9 (RLIN) |
28752 |
| Término indicativo de función/relación |
autor |
| 856 40 - LOCALIZACIÓN Y ACCESO ELECTRÓNICOS |
| Identificador Uniforme del Recurso |
<a href="https://sirptsciencecollege.org/pdfs/microbiology/Lehninger-Principles-of-Biochemistry.pdf">https://sirptsciencecollege.org/pdfs/microbiology/Lehninger-Principles-of-Biochemistry.pdf</a> |
| Texto de enlace |
Ver PDF |
| 942 ## - ELEMENTOS DE PUNTO DE ACCESO ADICIONAL (KOHA) |
| Tipo de ítem Koha |
Libro |
| Fuente del sistema de clasificación o colocación |
Dewey Decimal Classification |
| 901 ## - ELEMENTOS DE DATOS A LOCAL LDA (RLIN) |
| a |
574.192 N45 2005 |
| 902 ## - ELEMENTOS DE DATOS B LOCAL, LDB (RLIN) |
| a |
M |
| 905 ## - ELEMENTOS DE DATOS E LOCAL, LDE (RLIN) |
| a |
0000002005 -USX 0000000000ENG00 |